[Event "Matanzas Municipal Colon"]
[Site "Matanzas"]
[Date "2009.08.28"]
[Round "21"]
[White "Cabrera Piedra, Arley"]
[Black "Borges Feria, Yasel"]
[Result "0-1"]
[WhiteElo "2069"]
[BlackElo "2418"]
[PlyCount "62"]
[EventDate "2009.08.15"]
[EventType "tourn"]
[EventRounds "21"]
[EventCountry "CUB"]
[SourceTitle "CBM 132 Extra"]
[Source "ChessBase"]
[SourceDate "2009.11.03"]
[SourceVersion "1"]
[SourceVersionDate "2009.11.03"]
[SourceQuality "1"]

1. d4 d5 2. Nf3 Nf6 3. c4 c6 4. e3 Bg4 5. Qb3 Qb6 6. Ne5 e6 7. Nxg4 Nxg4 8. Nc3 Nd7 9. Bd3 Be7 10. Bd2 0-0 11. 0-0 Qc7 12. g3 Ngf6 13. Rac1 dxc4 14. Bxc4 e5 15. dxe5 Nxe5 16. Be2 Qd7 17. Rfd1 Qh3 18. f3 Rad8 19. Be1 h5 20. Bf2 h4 21. Rxd8 Rxd8 22. Qxb7 Bc5 23. Qc7 Re8 24. gxh4 Bxe3 25. Bxe3 Nfg4 26. Bf4 Nxf3+ 27. Bxf3 Qxf3 28. Rf1 Nf2 29. h3 Nxh3+ 30. Kh2 Qxf1 31. Qd7 Qxf4+ 0-1

[Event "Matanzas Municipal Colon"]
[Site "Matanzas"]
[Date "2009.08.24"]
[Round "15"]
[White "Gomez Ojito, Magdiel"]
[Black "Cabrera Piedra, Arley"]
[Result "1-0"]
[WhiteElo "2137"]
[BlackElo "2069"]
[PlyCount "61"]
[EventDate "2009.08.15"]
[EventType "tourn"]
[EventRounds "21"]
[EventCountry "CUB"]
[SourceTitle "CBM 132 Extra"]
[Source "ChessBase"]
[SourceDate "2009.11.03"]
[SourceVersion "1"]
[SourceVersionDate "2009.11.03"]
[SourceQuality "1"]

1. e4 e5 2. Nf3 Nc6 3. Bb5 a6 4. Bxc6 dxc6 5. 0-0 Bd6 6. d4 Bg4 7. dxe5 Bxf3 8. Qxf3 Bxe5 9. Nd2 Ne7 10. Nc4 Ng6 11. Qb3 b5 12. Nxe5 Nxe5 13. Qc3 Qf6 14. Be3 Rd8 15. Rad1 0-0 16. Bd4 b4 17. Qc5 Rde8 18. f4 Nd7 19. Qxf8+ Kxf8 20. Bxf6 Nxf6 21. e5 Nd5 22. Rd4 Re6 23. Rc1 a5 24. c4 Nb6 25. b3 c5 26. Rd5 Nxd5 27. cxd5 Re8 28. Rxc5 Re7 29. Rxa5 Ke8 30. Ra8+ Kd7 31. Rb8 1-0

[Event "Matanzas Province-ch final"]
[Site "Jaguey Grande"]
[Date "2007.10.11"]
[Round "11"]
[White "Delgado Ramos, Hector"]
[Black "Cabrera Piedra, Arley"]
[Result "1-0"]
[WhiteElo "2319"]
[BlackElo "2044"]
[PlyCount "77"]
[EventDate "2007.10.01"]
[EventType "tourn"]
[EventRounds "15"]
[EventCountry "CUB"]
[EventCategory "1"]
[SourceTitle "EXT 2019"]
[Source "ChessBase"]
[SourceDate "2018.10.10"]
[SourceVersion "1"]
[SourceVersionDate "2018.10.10"]
[SourceQuality "1"]

1. e4 e5 2. Nf3 Nc6 3. Bb5 Nf6 4. d3 d6 5. 0-0 g6 6. c3 Bg7 7. Re1 Bd7 8. Nbd2 0-0 9. Nf1 Na5 10. Ba4 Bxa4 11. Qxa4 c5 12. Bg5 Nc6 13. Ne3 h6 14. Bh4 g5 15. Bg3 Nh5 16. Rad1 Qe8 17. Qb3 Qe6 18. Qxb7 Ne7 19. Qa6 Rfb8 20. Nc4 Ng6 21. b3 Bf8 22. d4 cxd4 23. cxd4 Re8 24. Qa5 f6 25. dxe5 dxe5 26. Nfd2 Nhf4 27. Nf1 Qc6 28. Bxf4 Nxf4 29. Ng3 Ne6 30. Nf5 Red8 31. Rd5 Qc7 32. Qxc7 Nxc7 33. Rxd8 Rxd8 34. Nfe3 Ne6 35. Rd1 Nd4 36. Kf1 Kf7 37. Nf5 Ke8 38. Nxd4 exd4 39. Ke2 1-0

[Event "Matanzas Province-ch final"]
[Site "Jaguey Grande"]
[Date "2007.10.07"]
[Round "7"]
[White "Silva, Denis"]
[Black "Cabrera Piedra, Arley"]
[Result "1/2-1/2"]
[WhiteElo "2078"]
[BlackElo "2044"]
[PlyCount "66"]
[EventDate "2007.10.01"]
[EventType "tourn"]
[EventRounds "15"]
[EventCountry "CUB"]
[EventCategory "1"]
[SourceTitle "EXT 2019"]
[Source "ChessBase"]
[SourceDate "2018.10.10"]
[SourceVersion "1"]
[SourceVersionDate "2018.10.10"]
[SourceQuality "1"]

1. d4 d5 2. c4 e6 3. Nc3 Nf6 4. Bg5 Be7 5. Nf3 0-0 6. e3 h6 7. Bh4 b6 8. cxd5 Nxd5 9. Bxe7 Qxe7 10. Nxd5 exd5 11. Rb1 a5 12. a3 Be6 13. b4 Nd7 14. Bb5 c5 15. dxc5 bxc5 16. bxc5 Qxc5 17. Qc1 Rfc8 18. Qxc5 Rxc5 19. Nd4 Ne5 20. Ke2 Rac8 21. a4 Bd7 22. Bxd7 Nxd7 23. Rhd1 Nf6 24. f3 Rc4 25. Ra1 Rb8 26. Nb5 Rc2+ 27. Rd2 Rc4 28. Rd4 Rbc8 29. Rad1 Kf8 30. Nd6 Rc2+ 31. R1d2 Rxd2+ 32. Kxd2 Rb8 33. Nb5 Ke7 1/2-1/2

[Event "Matanzas Province-ch final"]
[Site "Jaguey Grande"]
[Date "2007.10.05"]
[Round "5"]
[White "Hernandez Marquez, Noel"]
[Black "Cabrera Piedra, Arley"]
[Result "0-1"]
[WhiteElo "2328"]
[BlackElo "2044"]
[PlyCount "59"]
[EventDate "2007.10.01"]
[EventType "tourn"]
[EventRounds "15"]
[EventCountry "CUB"]
[EventCategory "1"]
[SourceTitle "EXT 2019"]
[Source "ChessBase"]
[SourceDate "2018.10.10"]
[SourceVersion "1"]
[SourceVersionDate "2018.10.10"]
[SourceQuality "1"]

1. d4 d5 2. Nf3 Nf6 3. e3 e6 4. Nbd2 b6 5. Ne5 Nfd7 6. f4 Nxe5 7. fxe5 Be7 8. Bd3 Nd7 9. 0-0 0-0 10. e4 c5 11. exd5 cxd4 12. d6 Bg5 13. Nf3 Bxc1 14. Rxc1 Bb7 15. Qe2 Rc8 16. Rce1 Rc5 17. Be4 Qa8 18. Bxh7+ Kh8 19. Qf2 Bxf3 20. Bd3 g6 21. gxf3 Rxe5 22. Rxe5 Nxe5 23. f4 Nxd3 24. Qxd4+ Kg8 25. Qxd3 Rd8 26. Rd1 Qc6 27. b4 b5 28. Rd2 Qb6+ 29. Kg2 a6 30. Qd4 0-1

[Event "Matanzas Province-ch final"]
[Site "Jaguey Grande"]
[Date "2007.10.04"]
[Round "4"]
[White "Cabrera Piedra, Arley"]
[Black "Ramon Vazquez, Jose"]
[Result "1/2-1/2"]
[WhiteElo "2044"]
[BlackElo "1915"]
[PlyCount "50"]
[EventDate "2007.10.01"]
[EventType "tourn"]
[EventRounds "15"]
[EventCountry "CUB"]
[EventCategory "1"]
[SourceTitle "EXT 2019"]
[Source "ChessBase"]
[SourceDate "2018.10.10"]
[SourceVersion "1"]
[SourceVersionDate "2018.10.10"]
[SourceQuality "1"]

1. d4 d5 2. c4 e6 3. Nc3 Nf6 4. Bg5 Nbd7 5. e3 c6 6. cxd5 exd5 7. Bd3 Bd6 8. Nf3 Qc7 9. 0-0 h6 10. Bh4 0-0 11. Qc2 Ng4 12. Bg3 Bxg3 13. hxg3 Ndf6 14. b4 Bd7 15. Na4 Rae8 16. Nc5 Bc8 17. Bf5 Bxf5 18. Qxf5 g6 19. Qc2 Ne4 20. Nh2 Nxh2 21. Kxh2 Nd6 22. a4 b6 23. Nd3 Nc4 24. b5 Qd6 25. bxc6 Rc8 1/2-1/2

[Event "Matanzas Province-ch sf"]
[Site "Matanzas"]
[Date "2007.09.19"]
[Round "9"]
[White "Cabrera Piedra, Arley"]
[Black "Alonso Bouza, Julio Javier"]
[Result "1/2-1/2"]
[WhiteElo "2044"]
[BlackElo "2224"]
[PlyCount "91"]
[EventDate "2007.09.11"]
[EventType "swiss"]
[EventRounds "9"]
[EventCountry "CUB"]
[SourceTitle "EXT 2019"]
[Source "ChessBase"]
[SourceDate "2018.10.10"]
[SourceVersion "1"]
[SourceVersionDate "2018.10.10"]
[SourceQuality "1"]

1. d4 Nf6 2. c4 c5 3. e3 e6 4. Nc3 d5 5. Nf3 Nc6 6. cxd5 exd5 7. g3 Be7 8. Bg2 Bg4 9. Qa4 Bd7 10. Qd1 Bg4 11. Qa4 0-0 12. 0-0 Bf5 13. Ne5 Nb4 14. dxc5 Bxc5 15. a3 Nc2 16. Ra2 Re8 17. Qf4 g6 18. Nf3 d4 19. exd4 Nxd4 20. Nxd4 Bxd4 21. Be3 Bxe3 22. fxe3 Qb6 23. Qd4 Rxe3 24. Qxb6 axb6 25. Raa1 Rae8 26. Rad1 Kg7 27. Rd6 Ng4 28. Rxb6 Bd3 29. Rf4 Re1+ 30. Bf1 Ne3 31. Rxb7 Bxf1 32. Rbxf7+ Kg8 33. Rxf1 Nxf1 34. Rxf1 Rxf1+ 35. Kxf1 Kf7 36. Kf2 Rb8 37. Na4 Kf6 38. Ke3 Ke5 39. b4 Ra8 40. Nc3 Rxa3 41. Kd3 h5 42. h4 Ra1 43. b5 Rg1 44. Ne2 Rb1 45. Kc4 Kd6 46. Nf4 1/2-1/2

[Event "Jose Marti Memorial"]
[Site "Jaguey Grande"]
[Date "2007.08.12"]
[Round "12"]
[White "Romero Gonzalez, Javier"]
[Black "Cabrera Piedra, Arley"]
[Result "1-0"]
[WhiteElo "2044"]
[BlackElo "1967"]
[PlyCount "55"]
[EventDate "2007.08.01"]
[EventType "tourn"]
[EventRounds "14"]
[EventCountry "CUB"]
[SourceTitle "EXT 2019"]
[Source "ChessBase"]
[SourceDate "2018.10.10"]
[SourceVersion "1"]
[SourceVersionDate "2018.10.10"]
[SourceQuality "1"]

1. e4 e5 2. Nf3 Nc6 3. Bb5 a6 4. Bxc6 dxc6 5. 0-0 f6 6. d4 Bd6 7. dxe5 fxe5 8. Nxe5 Nf6 9. Nf3 Ng4 10. e5 Bc5 11. Qxd8+ Kxd8 12. Nc3 Bf5 13. Bg5+ Ke8 14. Rac1 Nxf2 15. Rxf2 h6 16. Bd2 Rd8 17. Kf1 Bxf2 18. Kxf2 g5 19. Be3 Rf8 20. Kg3 Bh7 21. Nd4 Ke7 22. b4 Rf7 23. a4 Rdf8 24. b5 axb5 25. axb5 cxb5 26. Ncxb5 c6 27. Nd6 Kd7 28. Nxb7 1-0

[Event "Jose Marti Memorial"]
[Site "Jaguey Grande"]
[Date "2007.08.07"]
[Round "7"]
[White "Cabrera Piedra, Arley"]
[Black "Borges del Pino, Oliver"]
[Result "0-1"]
[WhiteElo "1967"]
[BlackElo "2145"]
[PlyCount "106"]
[EventDate "2007.08.01"]
[EventType "tourn"]
[EventRounds "14"]
[EventCountry "CUB"]
[SourceTitle "EXT 2019"]
[Source "ChessBase"]
[SourceDate "2018.10.10"]
[SourceVersion "1"]
[SourceVersionDate "2018.10.10"]
[SourceQuality "1"]

1. e4 c5 2. Nf3 d6 3. Bb5+ Bd7 4. a4 Nc6 5. 0-0 Nf6 6. Re1 e6 7. Nc3 Be7 8. d3 h6 9. Bf4 a6 10. Bxc6 Bxc6 11. a5 0-0 12. e5 Nd5 13. Bd2 Nxc3 14. bxc3 dxe5 15. Nxe5 Qd5 16. Nxc6 bxc6 17. c4 Qf5 18. Bc3 Bf6 19. Bxf6 Qxf6 20. Qd2 Rab8 21. Qe3 Rb2 22. Qxc5 Rxc2 23. Rad1 Rd8 24. Rf1 e5 25. Qe3 Qd6 26. Rfe1 f6 27. h4 c5 28. Qg3 Rb8 29. Re4 Qc7 30. h5 Rbb2 31. Rf1 Qxa5 32. Qg6 Qd8 33. Rg4 Qd7 34. Rg3 Kh8 35. f4 exf4 36. Rxf4 Rb6 37. Re4 Rc1+ 38. Kh2 Rb8 39. Re2 Rg8 40. Rf2 Qd4 41. Qf5 Qh4+ 42. Rh3 Qd4 43. Rg3 Re1 44. Rg4 Qe5+ 45. Rgf4 Qa1 46. Rf1 Rxf1 47. Rxf1 Qd4 48. Rf4 Qd6 49. g3 Re8 50. Re4 Rxe4 51. Qxe4 Qe5 52. Qf3 Kh7 53. Kh3 a5 0-1

[Event "Cardenas Cup 3rd"]
[Site "Cardenas"]
[Date "2007.05.05"]
[Round "15"]
[White "Acosta Pedroso, Gerardo"]
[Black "Cabrera Piedra, Arley"]
[Result "1/2-1/2"]
[WhiteElo "2194"]
[BlackElo "2146"]
[PlyCount "81"]
[EventDate "2007.04.28"]
[EventType "tourn"]
[EventRounds "18"]
[EventCountry "CUB"]
[SourceTitle "EXT 2019"]
[Source "ChessBase"]
[SourceDate "2018.10.10"]
[SourceVersion "1"]
[SourceVersionDate "2018.10.10"]
[SourceQuality "1"]

1. d4 Nf6 2. Nf3 e6 3. c4 d5 4. g3 b6 5. Bg2 Bb7 6. 0-0 Bd6 7. Bg5 Nbd7 8. cxd5 exd5 9. Nh4 h6 10. Bc1 g6 11. Nc3 Ne4 12. Qb3 Ndf6 13. a4 a5 14. Nb5 Be7 15. f3 Nd6 16. Qc2 c6 17. Nxd6+ Qxd6 18. Bh3 Nh5 19. f4 Bxh4 20. gxh4 f5 21. Qb3 Qb4 22. Qxb4 axb4 23. Bd2 Kf7 24. Bxb4 Rhe8 25. Bd6 Rxe2 26. Rf2 Re3 27. Bg2 Nf6 28. Rc2 Rb3 29. Re1 Ne4 30. Bxe4 dxe4 31. Ra1 h5 32. Ra2 Ra5 33. Rc1 b5 34. d5 Rxa4 35. Rxa4 bxa4 36. dxc6 Bc8 37. Be5 a3 38. bxa3 Rxa3 39. Rb1 Ke8 40. Rb7 Ra6 41. Rc7 1/2-1/2

[Event "Cardenas Cup 3rd"]
[Site "Cardenas"]
[Date "2007.05.01"]
[Round "8"]
[White "Cabrera Piedra, Arley"]
[Black "Calvo Buides, Arnaldo"]
[Result "1-0"]
[WhiteElo "2146"]
[BlackElo "2101"]
[PlyCount "121"]
[EventDate "2007.04.28"]
[EventType "tourn"]
[EventRounds "18"]
[EventCountry "CUB"]
[SourceTitle "EXT 2019"]
[Source "ChessBase"]
[SourceDate "2018.10.10"]
[SourceVersion "1"]
[SourceVersionDate "2018.10.10"]
[SourceQuality "1"]

1. d4 Nf6 2. c4 e5 3. dxe5 Ng4 4. Nc3 Bc5 5. Nh3 Nxe5 6. e4 d6 7. Nf4 Nbc6 8. Nfd5 a5 9. Be3 Bxe3 10. Nxe3 0-0 11. Be2 Ng6 12. 0-0 Nf4 13. Re1 f5 14. Bf1 fxe4 15. Nxe4 Kh8 16. Rc1 b6 17. Nd5 Ne5 18. Nxf4 Rxf4 19. Qd2 Rf8 20. f4 Ng6 21. g3 Bf5 22. Bg2 Rb8 23. Ng5 Qd7 24. Bd5 h6 25. Be6 Bxe6 26. Nxe6 Rf6 27. Nd4 Rbf8 28. Re2 Qg4 29. Rg2 h5 30. Qe2 Qh3 31. Nf3 Re6 32. Qd3 Qf5 33. Qxf5 Rxf5 34. Nd4 Ref6 35. Nxf5 Rxf5 36. Re1 Kg8 37. Rd2 h4 38. Kg2 Kf7 39. Rd5 Rf6 40. Kh3 hxg3 41. hxg3 Ne7 42. Rd2 Rh6+ 43. Kg4 Nc6 44. Ree2 Rg6+ 45. Kf3 Rf6 46. Ke4 Rg6 47. Kf3 Rf6 48. Kg2 Rf5 49. Rd5 Rf6 50. a3 Ne7 51. Rd4 Nf5 52. Rd3 Rg6 53. b4 a4 54. Rc3 Nd4 55. Re4 Nf5 56. c5 dxc5 57. bxc5 bxc5 58. Rxa4 Nh4+ 59. Kh3 Nf5 60. Ra5 Nd4 61. Raxc5 1-0

[Event "Cardenas Cup 3rd"]
[Site "Cardenas"]
[Date "2007.04.30"]
[Round "5"]
[White "Martinez Socorro, Noel"]
[Black "Cabrera Piedra, Arley"]
[Result "1-0"]
[WhiteElo "2210"]
[BlackElo "2146"]
[PlyCount "57"]
[EventDate "2007.04.28"]
[EventType "tourn"]
[EventRounds "18"]
[EventCountry "CUB"]
[SourceTitle "EXT 2019"]
[Source "ChessBase"]
[SourceDate "2018.10.10"]
[SourceVersion "1"]
[SourceVersionDate "2018.10.10"]
[SourceQuality "1"]

1. e4 e5 2. Nf3 Nc6 3. Bb5 Nf6 4. 0-0 Bc5 5. Nxe5 Nxe5 6. d4 a6 7. dxe5 axb5 8. exf6 Qxf6 9. Nc3 c6 10. e5 Qf5 11. Qe2 0-0 12. Kh1 b4 13. Nd1 f6 14. Qc4+ d5 15. Qxc5 fxe5 16. f3 b3 17. Ne3 Qg6 18. cxb3 Rb8 19. Bd2 b6 20. Qc2 Qe6 21. Rac1 Bb7 22. b4 Rbc8 23. Qb3 Ba8 24. Rfe1 c5 25. bxc5 bxc5 26. Ng4 c4 27. Qe3 e4 28. Bc3 h5 29. Qg5 1-0